Southville International School and Colleges
Your cart is empty.
  • Cart
  • Lists
    Public lists Eva Luna New books Lux_list list_1
    Your lists Log in to create your own lists
  • Log in to your account
  • Your cookies
  • Search history
Southville International School and Colleges
  • Advanced search
  • Recent comments
  • Most popular
  • Libraries

Log in to your account

Log in with GOOGLE


If you do not have an external account, but do have a local account, you can still log in:

  1. Home
  2. MARC view: New korean dictionary /
Normal view MARC view ISBD view

New korean dictionary / (Record no. 3087)

[ view plain ]
MARC details
000 -LEADER
fixed length control field 00492nam a22001937a 4500
003 - CONTROL NUMBER IDENTIFIER
control field OSt
005 - DATE AND TIME OF LATEST TRANSACTION
control field 20140310181748.0
008 - FIXED-LENGTH DATA ELEMENTS--GENERAL INFORMATION
fixed length control field 130625t xxu||||| |||| 00| 0 eng d
020 ## - INTERNATIONAL STANDARD BOOK NUMBER
International Standard Book Number 8900129872
050 ## - LIBRARY OF CONGRESS CALL NUMBER
Classification number PL 937
Item number .L477 2004
082 ## - DEWEY DECIMAL CLASSIFICATION NUMBER
Classification number IB 951.94
Item number L51 2004
245 ## - TITLE STATEMENT
Title New korean dictionary /
Statement of responsibility, etc Lee Gi Moon.
260 ## - PUBLICATION, DISTRIBUTION, ETC. (IMPRINT)
Place of publication, distribution, etc Sl :
Name of publisher, distributor, etc Doosan corporation,
Date of publication, distribution, etc c2004.
300 ## - PHYSICAL DESCRIPTION
Extent 2839 p. ;
Dimensions 19 cm.
521 ## - TARGET AUDIENCE NOTE
Target audience note
541 ## - IMMEDIATE SOURCE OF ACQUISITION NOTE
-- 1
562 ## - COPY AND VERSION IDENTIFICATION NOTE
Number of copies 1
942 ## - ADDED ENTRY ELEMENTS (KOHA)
Source of classification or shelving scheme Library of Congress Classification
Koha item type
Call number prefix
Holdings
Withdrawn status Lost status Source of classification or shelving scheme Damaged status Home library Current library Shelving location Date acquired Total Checkouts Full call number Barcode Date last seen Copy number Price effective from Koha item type
    Library of Congress Classification   Luxembourg Library Luxembourg Library International Baccalaureate Section 06/25/2013   PL 937 .L477 2004 15578 08/13/2013 1 06/25/2013 Books

New korean dictionary /

APA

(2004). New korean dictionary. Sl: Doosan corporation.

Chicago

2004. New korean dictionary. Sl: Doosan corporation.

Harvard

(2004). New korean dictionary. Sl: Doosan corporation.

MLA

New korean dictionary. Sl: Doosan corporation. 2004.

  • Place hold
  • Print
  • Cite
  • Add to your cart (remove)
  • Save record
    BIBTEX Dublin Core MARCXML MARC (non-Unicode/MARC-8) MARC (Unicode/UTF-8) MARC (Unicode/UTF-8, Standard) MODS (XML) RIS
  • More searches
    Search for this title in:
    Other Libraries (WorldCat) Other Databases (Google Scholar) Online Stores (Bookfinder.com) Open Library (openlibrary.org)

Exporting to Dublin Core...

SOUTHVILLE LIBRARY

Southville International School and Colleges Library

1281 Tropical Ave. Cor. Luxembourg St., BF Homes International, Las Pinas City

Tel. No. 8256374 / 252358 Loc. 117/146

Powered by Koha